| 000 | 00588nmm a2200193 u 4500 | ||
|---|---|---|---|
| 005 | 20240911064513.0 | ||
| 008 | 140206s2010 mx b spa d | ||
| 020 | _a9786074772258 | ||
| 035 | _aUPN01000195520 | ||
| 049 | _aCD | ||
| 050 | 4 |
_aH62 _bC5.3 |
|
| 245 | 0 | 4 |
_aLas ciencias sociales y las humanidades hoy / _ccoord. José Fernández García. |
| 260 |
_aMéxico : _bUAM, _c2010. |
||
| 300 |
_a1 CD-ROM ; _b4 3/4 plg. + _e1 folleto de (8 p.) |
||
| 650 | 4 |
_aCiencias sociales _99133 |
|
| 700 | 1 |
_aFernández García, José, _ecoord. |
|
| 905 | _aElectrónico | ||
| 999 |
_c167621 _d167621 |
||